00349nam a2200133Ia 4500008004100000041000800041082001700049100002200066245004500088250000700133260003000140300003300170365001200203240624s9999 xx 000 0 und d aeng a658.4056 MEI aJORDAN MEIER JANE aFOUR STAGE OF HIGHLY EFFECTIVE CRISIS MA a11 c2011aNew YorkbCRC Press axxiii, : 296 : p. : cm. ; 24 cBPSb27